Energy for rural development: renewable resources and alternative technologies for developing countries
Сохранить в:
| Соавтор: | |
|---|---|
| Формат: | |
| Язык: | английский |
| Опубликовано: |
Washington, D.C
National Academy of Sciences
1976
|
| Редактирование: | 1a. ed |
| Предметы: | |
| Метки: |
Добавить метку
Нет меток, Требуется 1-ая метка записи!
|
MARC
| LEADER | 00000cam a2200000 a 4500 | ||
|---|---|---|---|
| 001 | UCD1545 | ||
| 003 | CL-VaPUC | ||
| 008 | 160310e19760000us |||||||||||||||||eng|d | ||
| 082 | 0 | 4 | |a 621.47 |b NAT |2 21 |
| 110 | 2 | |a National Academy of Sciences |e author |9 584646 | |
| 245 | 1 | 0 | |a Energy for rural development: renewable resources and alternative technologies for developing countries |
| 250 | |a 1a. ed | ||
| 300 | |a 306 p | ||
| 942 | |c BK | ||
| 945 | |d 20160310 23:10:00 |a arojas | ||
| 260 | |a Washington, D.C |b National Academy of Sciences |c 1976 | ||
| 650 | 7 | |a ENERGIA SOLAR EN AGRICULTURA |2 CL-VaPUC |9 260547 | |
| 650 | 7 | |a RECURSOS RENOVABLES |2 CL-VaPUC |9 339698 | |
| 650 | 7 | |a ENERGIA SOLAR |2 CL-VaPUC |9 584647 | |
| 583 | |a last modification |c 20160310 23:10:00 |k Rodrigo Vera | ||
| 999 | |c 362833 |d 362831 | ||
| 952 | |0 0 |1 0 |3 erb |4 0 |6 621_470000000000000_NAT_1976 |7 0 |8 A |9 474356 |a BIBING |b BIBING |i 5265835 |o 621.47 NAT 1976 |p 5265835 |r 2025-01-20 |w 2019-11-24 |y BK |z Catalogado en:20160310 |k ING | ||